000 00269nam a2200109Ia 4500
008 220204s9999 xx 000 0 und d
082 _a033
_bGAL
100 _aGALBRAITH, John Kenneth
245 0 _aGalbraith reader
260 _aLondon
_bAndre Deutsch
_c1979
942 _cBK
999 _c33708
_d33708